[Event "ESP-ch U14"]
[Site "Salobrena"]
[Date "2020.08.03"]
[Round "1"]
[White "Antich Fernandez, Marta Isabel"]
[Black "Revaliente Montoya, Ciro"]
[Result "1/2-1/2"]
[WhiteElo "1645"]
[BlackElo "2185"]
[PlyCount "137"]
[EventDate "2020.08.03"]
[EventType "swiss"]
[EventRounds "9"]
[EventCountry "ESP"]
[SourceTitle "EXT 2021"]
[Source "ChessBase"]
[SourceDate "2020.10.23"]
[SourceVersion "1"]
[SourceVersionDate "2020.10.23"]
[SourceQuality "1"]

1. e4 c5 2. Nf3 d6 3. Bb5+ Nd7 4. c3 Ngf6 5. Qe2 a6 6. Ba4 b5 7. Bc2 Bb7 8. d4 cxd4 9. cxd4 Rc8 10. 0-0 g6 11. Rd1 Qc7 12. Bd3 Bg7 13. Nbd2 0-0 14. Nf1 Nb8 15. Ng3 Nc6 16. Bd2 Nd7 17. Rac1 Qb6 18. Be3 Nxd4 19. Bxd4 Bxd4 20. Rxc8 Bxc8 21. Nxd4 Qxd4 22. Bxb5 Qb6 23. Ba4 Nc5 24. b3 Nxa4 25. bxa4 Bd7 26. Qc4 Rc8 27. Qd3 Bxa4 28. Rb1 Bb5 29. Qb3 Qc6 30. h3 Qc2 31. Rb2 Qxb3 32. axb3 Rc1+ 33. Kh2 Kg7 34. Ne2 Re1 35. Nc3 Bd3 36. f3 Rc1 37. Nd5 Rc2 38. Rxc2 Bxc2 39. b4 Kf8 40. Kg3 e6 41. Ne3 Bd3 42. h4 f5 43. exf5 gxf5 44. Nd1 Ke7 45. Nf2 Bf1 46. f4 Kd7 47. Nd1 Kc6 48. Kf2 Bc4 49. Nc3 e5 50. Ke3 Kd7 51. fxe5 dxe5 52. g3 Ke6 53. Na4 Kf6 54. Nb6 Be6 55. Na4 Bd7 56. Nc3 Bc6 57. Nd1 h6 58. Nc3 Kg6 59. Nd1 Kh5 60. Nf2 Bb7 61. Nd3 Kg4 62. Kf2 e4 63. Ne5+ Kh3 64. Nc4 f4 65. gxf4 Kxh4 66. Nd6 Bc6 67. Ke3 Kg4 68. Nxe4 Kf5 69. Ng3+ 1/2-1/2

[Event "Mallorca-ch (Women)"]
[Site "Algaida"]
[Date "2020.02.09"]
[Round "1.2"]
[White "Antich Fernandez, Marta Isabel"]
[Black "Viver Garrido, Lluisa"]
[Result "1-0"]
[WhiteElo "1608"]
[BlackElo "1071"]
[PlyCount "45"]
[EventDate "2020.02.09"]
[EventType "swiss"]
[EventRounds "5"]
[EventCountry "ESP"]
[SourceTitle "EXT 2024"]
[Source "ChessBase"]
[SourceDate "2023.10.10"]
[SourceVersion "1"]
[SourceVersionDate "2023.10.10"]
[SourceQuality "1"]

1. e4 e5 2. Nf3 Nc6 3. d4 Bb4+ 4. c3 Bd6 5. Nbd2 Nf6 6. Bb5 0-0 7. Bxc6 dxc6 8. dxe5 Bxe5 9. Nxe5 h6 10. 0-0 c5 11. Ndf3 Qe7 12. Re1 Bg4 13. Nxg4 Nxg4 14. Bf4 c4 15. Qe2 b5 16. e5 a6 17. h3 Nxf2 18. Qxf2 f6 19. Qg3 Kh7 20. exf6 Qxf6 21. Be5 Qb6+ 22. Bd4 c5 23. Qxg7# 1-0

[Event "Balears-ch U16 Girls"]
[Site "Eivissa"]
[Date "2018.05.06"]
[Round "5.2"]
[White "Tomas Viver, Marta"]
[Black "Antich Fernandez, Marta Isabel"]
[Result "1-0"]
[WhiteElo "1131"]
[BlackElo "1474"]
[PlyCount "99"]
[EventDate "2018.05.04"]
[EventType "swiss"]
[EventRounds "5"]
[EventCountry "ESP"]
[SourceTitle "EXT 2024"]
[Source "ChessBase"]
[SourceDate "2023.10.10"]
[SourceVersion "1"]
[SourceVersionDate "2023.10.10"]
[SourceQuality "1"]

1. d4 e6 2. Nf3 d5 3. Bf4 Nf6 4. e3 c5 5. c3 Nc6 6. Bd3 Bd6 7. Ne5 Qc7 8. Bb5 0-0 9. Bxc6 bxc6 10. Nd2 cxd4 11. exd4 Ba6 12. Qf3 Ne4 13. Nxe4 dxe4 14. Qxe4 f6 15. Ng6 hxg6 16. Bxd6 Qxd6 17. Qxg6 c5 18. h4 cxd4 19. 0-0-0 Qf4+ 20. Kb1 Qf5+ 21. Qxf5 exf5 22. Rxd4 Rfd8 23. Rxd8+ Rxd8 24. h5 Be2 25. Kc2 Kh7 26. b4 Kh6 27. a4 a6 28. Kb3 Rd1 29. Rh3 Ra1 30. a5 Rg1 31. Re3 Re1 32. c4 Bd1+ 33. Kc3 Rxe3+ 34. fxe3 Bxh5 35. b5 Be8 36. b6 Bc6 37. g3 Kh5 38. Kd4 Kg4 39. Kc5 Bb7 40. Kd6 f4 41. gxf4 Kf5 42. Kc7 Be4 43. b7 Bxb7 44. Kxb7 Ke6 45. c5 f5 46. c6 g5 47. fxg5 f4 48. exf4 Kd5 49. c7 Kc4 50. c8Q+ 1-0

[Event "Mallorca-ch School U12"]
[Site "Mallorca"]
[Date "2018.03.09"]
[Round "6.1"]
[White "Aguado Doncel, Pablo Luis"]
[Black "Antich Fernandez, Marta Isabel"]
[Result "1-0"]
[WhiteElo "1872"]
[BlackElo "1252"]
[PlyCount "59"]
[EventDate "2018.02.02"]
[EventType "swiss"]
[EventRounds "7"]
[EventCountry "ESP"]
[SourceTitle "EXT 2024"]
[Source "ChessBase"]
[SourceDate "2023.10.10"]
[SourceVersion "1"]
[SourceVersionDate "2023.10.10"]
[SourceQuality "1"]

1. d4 e6 2. c4 d5 3. Nc3 Nf6 4. cxd5 exd5 5. Bg5 Be7 6. e3 Bf5 7. Qb3 b6 8. Bxf6 Bxf6 9. Qxd5 Qxd5 10. Nxd5 Bd8 11. Rc1 Nd7 12. Nxc7+ Bxc7 13. Rxc7 Nf6 14. Bb5+ Kd8 15. Rc1 Be6 16. b3 a6 17. Bd3 Ke7 18. Ne2 g5 19. Ng3 Nd5 20. Ne4 Bf5 21. Kd2 Nb4 22. a3 Nxd3 23. Kxd3 Ke6 24. Rc6+ Kd7 25. Rhc1 Rac8 26. Rxc8 Rxc8 27. Rxc8 Kxc8 28. f3 Kd7 29. Kc4 Kc6 30. Nxg5 1-0

[Event "ESP-chT Regional U14"]
[Site "Padron"]
[Date "2017.06.25"]
[Round "6.4"]
[White "Antich Fernandez, Marta Isabel"]
[Black "Perez Garcia, Jimena"]
[Result "1/2-1/2"]
[WhiteElo "1259"]
[BlackElo "1551"]
[PlyCount "45"]
[EventDate "2017.06.22"]
[EventType "team"]
[EventRounds "6"]
[EventCountry "ESP"]
[SourceTitle "EXT 2018"]
[Source "ChessBase"]
[SourceDate "2017.10.13"]
[SourceVersion "1"]
[SourceVersionDate "2017.10.13"]
[SourceQuality "1"]
[WhiteTeam "Baleares (U14)"]
[BlackTeam "Canarias (U14)"]
[WhiteTeamCountry "ESP"]
[BlackTeamCountry "ESP"]

1. d4 Nf6 2. c4 g6 3. Nc3 Bg7 4. e4 d6 5. Nf3 0-0 6. Be2 e5 7. Be3 Nbd7 8. 0-0 exd4 9. Nxd4 Nc5 10. Bf3 Re8 11. Qc2 Qe7 12. Bg5 a5 13. Nd5 Qd8 14. Nb5 Ne6 15. e5 Nxg5 16. exf6 Nxf3+ 17. gxf3 Bf8 18. Nbxc7 Re5 19. Nxa8 Bh3 20. Rfe1 Rg5+ 21. Kh1 Bg2+ 22. Kg1 Bh3+ 23. Kh1 1/2-1/2